000
00302nam a22001217a 4500
008
200131b ||||| |||| 00| 0 eng d
020
_a
978-8126524877
050
_a
004.69
_b
HUC
100
_a
HURWITZ,Judith etc
245
_a
Cloud Computing for Dummies
250
_a
Page-332
260
_b
Jony Willy
_c
2009
999
_c
8453
_d
8453